[Event "FRA-chT2 0910"]
[Site "France"]
[Date "2009.12.12"]
[Round "5.7"]
[White "Boghossian, Pierre"]
[Black "Zaninetti, Laurent"]
[Result "0-1"]
[WhiteElo "1999"]
[BlackElo "1979"]
[PlyCount "117"]
[EventDate "2009.09.27"]
[EventType "team"]
[EventRounds "11"]
[EventCountry "FRA"]
[SourceDate "2009.07.26"]

1. e4 c6 2. d4 d5 3. e5 Bf5 4. Nf3 e6 5. Be2 Nd7 6. O-O h6 7. c4 dxc4 8. Bxc4
Nb6 9. Bb3 Ne7 10. Nc3 Ned5 11. Bc2 Bxc2 12. Qxc2 Be7 13. a4 a5 14. Ne4 Nb4 15.
Qb3 Qd5 16. Qxd5 N6xd5 17. Bd2 O-O 18. Bc3 Rfd8 19. Nfd2 Nf4 20. Nb3 b6 21. g3
Nfd5 22. Ned2 Nxc3 23. bxc3 Nd5 24. Rab1 Rab8 25. Nc4 f5 26. exf6 gxf6 27. Rb2
f5 28. Nbd2 c5 29. Ne5 cxd4 30. c4 Nc3 31. Nc6 Bc5 32. Nxb8 Rxb8 33. Ra1 e5 34.
Nb1 Ne4 35. Rba2 Nd6 36. Rc2 e4 37. Nd2 Rd8 38. Kf1 Kf7 39. Rb1 Bb4 40. Nb3 d3
41. Rcc1 Rc8 42. Nd4 Kf6 43. c5 bxc5 44. Nb5 Ke6 45. Nc3 Ke5 46. Na2 Kd4 47.
Nxb4 axb4 48. Ke1 Ra8 49. Ra1 Ra5 50. Rcb1 Nc4 51. Rb3 Nb6 52. f3 Nd5 53. g4 c4
54. fxe4 fxe4 55. Rb2 e3 56. h4 c3 57. Rh2 Nf4 58. g5 d2+ 59. Kd1 0-1

[Event "FRA-chT2 0910"]
[Site "France"]
[Date "2009.12.12"]
[Round "5.8"]
[White "Mamah, Isabelle"]
[Black "Bramme, Isabelle"]
[Result "1-0"]
[WhiteElo "1720"]
[BlackElo "1991"]
[PlyCount "69"]
[EventDate "2009.09.27"]
[EventType "team"]
[EventRounds "11"]
[EventCountry "FRA"]
[SourceDate "2009.07.26"]

1. e4 e6 2. d4 d5 3. Nd2 Nf6 4. e5 Nfd7 5. Bd3 b6 6. c3 Ba6 7. Bc2 c5 8. Ne2
Nc6 9. Nf3 cxd4 10. cxd4 Bb4+ 11. Bd2 f6 12. exf6 Qxf6 13. O-O Bxd2 14. Qxd2
O-O 15. Rac1 Rac8 16. Ba4 Ndb8 17. Rfe1 Na5 18. Rxc8 Bxc8 19. Bc2 Nc4 20. Qd3
g6 21. b3 Nd6 22. Ng3 Nc6 23. Qe3 Nb5 24. Ne2 Nd6 25. Ng3 Nf5 26. Nxf5 exf5 27.
Qc3 f4 28. Ne5 Ne7 29. Qc7 Nf5 30. Ng4 Qd6 31. Nh6+ Kh8 32. Nf7+ Rxf7 33. Qxf7
Bd7 34. Bxf5 Qb4 35. Re7 1-0

[Event "FRA-chT2 0910"]
[Site "France"]
[Date "2009.12.13"]
[Round "6.1"]
[White "Favarel, Julien"]
[Black "Petrossian, Armen"]
[Result "0-1"]
[WhiteElo "2311"]
[BlackElo "2421"]
[PlyCount "35"]
[EventDate "2009.09.27"]
[EventType "team"]
[EventRounds "11"]
[EventCountry "FRA"]
[SourceDate "2009.07.26"]

1. d4 Nf6 2. c4 d6 3. Nc3 c6 4. e4 Qc7 5. Nf3 Bg4 6. Be2 Nbd7 7. O-O e5 8. Rb1
Be7 9. Be3 O-O 10. d5 h6 11. Nd2 Bxe2 12. Qxe2 Nh7 13. b4 Bg5 14. Nb3 Bxe3 15.
Qxe3 f5 16. exf5 Nhf6 17. dxc6 bxc6 18. Na5 {suite illisible} 0-1

[Event "FRA-chT2 0910"]
[Site "France"]
[Date "2009.12.13"]
[Round "6.2"]
[White "Jean, Olivier"]
[Black "Le Hetet, Nicolas"]
[Result "1-0"]
[WhiteElo "2182"]
[BlackElo "2130"]
[PlyCount "85"]
[EventDate "2009.09.27"]
[EventType "team"]
[EventRounds "11"]
[EventCountry "FRA"]
[SourceDate "2009.07.26"]

1. e4 c5 2. Nf3 Nc6 3. d4 cxd4 4. Nxd4 e5 5. Nb5 d6 6. c4 Be7 7. N1c3 a6 8. Na3
Be6 9. Be2 Bg5 10. Nc2 h6 11. O-O Nge7 12. b3 Bxc1 13. Rxc1 O-O 14. g3 Bh3 15.
Re1 f5 16. Bf1 Bxf1 17. Rxf1 f4 18. Qd3 Qd7 19. Rfd1 Rad8 20. Rd2 Kh8 21. Rcd1
Qe6 22. Qe2 Rf6 23. c5 Nc8 24. Qh5 Kh7 25. Nd5 Rff8 26. Ndb4 g6 27. Qe2 f3 28.
Qc4 Qxc4 29. bxc4 Nxb4 30. Nxb4 Rf6 31. c6 bxc6 32. Nxc6 Rdf8 33. Rb1 R6f7 34.
Rd5 Rc7 35. Na5 Kg7 36. Rb3 g5 37. Kf1 g4 38. Ke1 Kf6 39. Rb8 Ke7 40. Kd2 Rc5
41. Rb7+ Ke6 42. Rh7 Rf6 43. Nb7 1-0

[Event "FRA-chT2 0910"]
[Site "France"]
[Date "2009.12.13"]
[Round "6.3"]
[White "Fantinel, Thibault"]
[Black "Remille, Tristan"]
[Result "1-0"]
[WhiteElo "2145"]
[BlackElo "2106"]
[PlyCount "67"]
[EventDate "2009.09.27"]
[EventType "team"]
[EventRounds "11"]
[EventCountry "FRA"]
[SourceDate "2009.07.26"]

1. c4 e5 2. g3 Nf6 3. Bg2 c6 4. d4 Bb4+ 5. Bd2 Bxd2+ 6. Qxd2 d6 7. e3 O-O 8.
Ne2 Qe7 9. Nbc3 Nbd7 10. O-O Nb6 11. b3 Rd8 12. h3 a5 13. a4 d5 14. c5 Nbd7 15.
Rac1 b6 16. cxb6 Qb4 17. dxe5 Nxe5 18. Qd4 Qe7 19. f4 Ng6 20. Nd1 Ba6 21. Re1
Rdc8 22. Qc5 Qe8 23. Nd4 Ne4 24. Bxe4 Qxe4 25. Nf2 Qe8 26. e4 dxe4 27. Nxe4 Qd7
28. f5 Nf8 29. Nxc6 Bb7 30. Ne7+ Kh8 31. Nxc8 Rxc8 32. Qd6 Qe8 33. Rxc8 Bxc8
34. Kf2 1-0

[Event "FRA-chT2 0910"]
[Site "France"]
[Date "2009.12.13"]
[Round "6.5"]
[White "Grizou, Regis"]
[Black "Gaubil, Olivier"]
[Result "1-0"]
[WhiteElo "2190"]
[BlackElo "2102"]
[PlyCount "71"]
[EventDate "2009.09.27"]
[EventType "team"]
[EventRounds "11"]
[EventCountry "FRA"]
[SourceDate "2009.07.26"]

1. d4 Nf6 2. Nf3 g6 3. c4 Bg7 4. g3 c6 5. Bg2 O-O 6. O-O d6 7. Nc3 Qa5 8. e4
Qh5 9. Ng5 Qxd1 10. Rxd1 Nbd7 11. h3 e5 12. Nf3 exd4 13. Nxd4 Nc5 14. Be3 Re8
15. f3 Nh5 16. Bf2 Ne6 17. Nde2 Bf8 18. h4 Nd8 19. g4 Ng7 20. Bg3 f5 21. gxf5
Nf7 22. fxg6 hxg6 23. Nf4 Kh7 24. Rd2 Kh6 25. Rad1 Nh5 26. Nxh5 Kxh5 27. Kf2
Be6 28. b3 Ne5 29. c5 Bh6 30. Rxd6 Nf7 31. Rxe6 Rxe6 32. Bh3 Be3+ 33. Kxe3 Re7
34. Bf4 Ne5 35. Rg1 Rae8 36. Bg5 1-0

[Event "FRA-chT2 0910"]
[Site "France"]
[Date "2009.12.13"]
[Round "6.6"]
[White "Deschamps, Remi"]
[Black "Marciniak, Gerard"]
[Result "1-0"]
[WhiteElo "2088"]
[BlackElo "2127"]
[PlyCount "57"]
[EventDate "2009.09.27"]
[EventType "team"]
[EventRounds "11"]
[EventCountry "FRA"]
[SourceDate "2009.07.26"]

1. e4 d6 2. f4 g6 3. Nf3 Nf6 4. e5 dxe5 5. fxe5 Nh5 6. d4 Bg7 7. Bc4 O-O 8. Ng5
c5 9. g4 cxd4 10. O-O Nf6 11. exf6 exf6 12. Ne4 b5 13. Bd3 Bb7 14. Qf3 Bc6 15.
Nbd2 Kh8 16. Qg3 Nd7 17. Nf3 Ne5 18. Nxe5 fxe5 19. g5 Qd5 20. Qh4 Qd8 21. Bd2
a5 22. Rf6 Bxe4 23. Bxe4 Ra7 24. Raf1 b4 25. R1f3 Rd7 26. Qf2 Bxf6 27. gxf6 Rd6
28. Qh4 Qd7 29. Rh3 1-0

[Event "FRA-chT2 0910"]
[Site "France"]
[Date "2009.12.13"]
[Round "6.1"]
[White "Flear, Glenn C"]
[Black "Boudre, Jean Pierre"]
[Result "1-0"]
[WhiteElo "2497"]
[BlackElo "2335"]
[PlyCount "83"]
[EventDate "2009.09.27"]
[EventType "team"]
[EventRounds "11"]
[EventCountry "FRA"]
[SourceDate "2009.07.26"]
[WhiteTeam "L'Echiquier du Roy René"]

1. d4 Nf6 2. c4 e6 3. Nc3 Bb4 4. Qc2 d6 5. Bg5 c5 6. dxc5 dxc5 7. e3 Nc6 8.
Nge2 h6 9. Bh4 O-O 10. a3 Ba5 11. f3 e5 12. Bxf6 Qxf6 13. O-O-O Be6 14. Nd5
Bxd5 15. cxd5 Ne7 16. Ng3 Rfd8 17. Bc4 Nc8 18. Ne4 Qe7 19. d6 Nxd6 20. Rxd6
Rxd6 21. Nxd6 Qxd6 22. Rd1 Qe7 23. Qa4 Bb6 24. Rd7 Qg5 25. Rxf7 Kh8 26. Qd7 Rd8
27. Qe6 Qxe3+ 28. Kb1 Qg1+ 29. Ka2 Qd4 30. Re7 Rf8 31. Re8 Qxc4+ 32. Qxc4 Rxe8
33. Qf7 Rd8 34. g4 c4 35. Qxc4 Rf8 36. Qb5 Bd4 37. Qxb7 Rf6 38. h4 Rb6 39. Qa8+
Kh7 40. b4 Rf6 41. Qe4+ Kh8 42. g5 1-0

[Event "FRA-chT2 0910"]
[Site "France"]
[Date "2009.12.13"]
[Round "6.2"]
[White "Passager, Jean Pierre"]
[Black "Valles, Manuel"]
[Result "1-0"]
[WhiteElo "2217"]
[BlackElo "2200"]
[PlyCount "73"]
[EventDate "2009.09.27"]
[EventType "team"]
[EventRounds "11"]
[EventCountry "FRA"]
[SourceDate "2009.07.26"]

1. d4 Nf6 2. c4 g6 3. Nc3 Bg7 4. Nf3 O-O 5. e4 d6 6. h3 c5 7. d5 e6 8. Bd3 exd5
9. cxd5 Na6 10. O-O Nc7 11. a4 Rb8 12. Bg5 a6 13. Rb1 b5 14. axb5 axb5 15. b4
h6 16. Bd2 Nd7 17. Qc1 cxb4 18. Na2 b3 19. Nb4 Nc5 20. Bxh6 Qf6 21. Bg5 Qc3 22.
Bd2 Qf6 23. e5 Qd8 24. Be2 Bf5 25. exd6 N7a6 26. Nxa6 Nxa6 27. Rxb3 Qxd6 28.
Rxb5 Rxb5 29. Bxb5 Nc7 30. Bf4 Qxd5 31. Bc4 Qb7 32. Ng5 Bb2 33. Qd2 Bf6 34. Bd6
Rd8 35. Nxf7 Qe4 36. Be2 Be6 37. Nxd8 1-0

[Event "FRA-chT2 0910"]
[Site "France"]
[Date "2009.12.13"]
[Round "6.3"]
[White "Flear, Christine"]
[Black "Faber, Michel"]
[Result "1/2-1/2"]
[WhiteElo "2161"]
[BlackElo "2225"]
[PlyCount "93"]
[EventDate "2009.09.27"]
[EventType "team"]
[EventRounds "11"]
[EventCountry "FRA"]
[SourceDate "2009.07.26"]

1. d4 Nf6 2. c4 e6 3. g3 c5 4. d5 exd5 5. cxd5 g6 6. Bg2 d6 7. Nc3 Bg7 8. Nf3
O-O 9. Nd2 Nbd7 10. Nc4 Nb6 11. Nxb6 Qxb6 12. O-O Ng4 13. Qc2 Re8 14. h3 Ne5
15. b3 c4 16. Na4 Qa6 17. Bb2 b5 18. Nc3 b4 19. Ne4 Bf5 20. g4 Bxe4 21. Bxe4
Rac8 22. Rfe1 c3 23. Bc1 Qb7 24. a3 a5 25. axb4 axb4 26. Be3 Ra8 27. Bg2 Qb5
28. Ra2 Ra6 29. Rea1 Rea8 30. f4 Nd7 31. Kf2 Ra3 32. Bf3 Rxa2 33. Rxa2 Ra3 34.
Bc1 Ra5 35. Kg2 Qa6 36. Rxa5 Qxa5 37. Qe4 Qa1 38. Be3 Qa3 39. Qc4 Bf8 40. g5
Qa5 41. Qc8 Nc5 42. Bg4 Nxb3 43. Be6 Qb5 44. Bxf7+ Kxf7 45. Qe6+ Kg7 46. Qf6+
Kg8 47. Qe6+ 1/2-1/2

[Event "FRA-chT2 0910"]
[Site "France"]
[Date "2009.12.13"]
[Round "6.4"]
[White "Daumens, Michel"]
[Black "Milesi, Laurent"]
[Result "0-1"]
[WhiteElo "2134"]
[BlackElo "2115"]
[PlyCount "78"]
[EventDate "2009.09.27"]
[EventType "team"]
[EventRounds "11"]
[EventCountry "FRA"]
[SourceDate "2009.07.26"]

1. d4 b6 2. c4 Bb7 3. Nc3 f5 4. Nf3 g6 5. g3 Bg7 6. Bg2 Nf6 7. O-O O-O 8. b3 e6
9. Bb2 Qe7 10. Qc2 a5 11. Rad1 Na6 12. Rfe1 Rae8 13. Nh4 Bxg2 14. Nxg2 Nh5 15.
f4 g5 16. e3 h6 17. Qd2 Bf6 18. c5 Nb4 19. cxb6 cxb6 20. Ba3 Rc8 21. Rc1 Qg7
22. Bxb4 axb4 23. Nb5 Be7 24. Rxc8 Rxc8 25. Rc1 Qf8 26. Ne1 Nf6 27. Rxc8 Qxc8
28. Qc2 Qb7 29. Qg2 Nd5 30. Nc2 Qc6 31. Qe2 gxf4 32. gxf4 Kh7 33. Qc4 Qa8 34.
Qe2 Qxa2 35. Qd3 Qb1+ 36. Kf2 Qh1 37. Qf1 Bh4+ 38. Ke2 Qxh2+ 39. Kd3 Qxc2+ 0-1

[Event "FRA-chT2 0910"]
[Site "France"]
[Date "2009.12.13"]
[Round "6.6"]
[White "Pilte, Nicolas"]
[Black "Jeanjean, Dominique"]
[Result "0-1"]
[WhiteElo "2078"]
[BlackElo "2095"]
[PlyCount "61"]
[EventDate "2009.09.27"]
[EventType "team"]
[EventRounds "11"]
[EventCountry "FRA"]
[SourceDate "2009.07.26"]

1. e4 e5 2. f4 Bc5 3. Nf3 d6 4. Nc3 Nf6 5. Bc4 Nc6 6. d3 Bg4 7. h3 Bxf3 8. Qxf3
Qe7 9. f5 Nd4 10. Qd1 c6 11. Bg5 h6 12. Bh4 d5 13. Bxd5 cxd5 14. Nxd5 Qd6 15.
Bxf6 gxf6 16. c3 Nc6 17. b4 Bb6 18. c4 Nxb4 19. Qa4+ Nc6 20. Nxb6 Qxd3 21. Nxa8
Qxe4+ 22. Kd2 O-O 23. Nc7 Rd8+ 24. Kc1 Rd4 25. Kb2 Qe2+ 26. Qc2 Rd2 27. Rac1
Nb4 28. Qxd2 Qxd2+ 29. Kb3 Nd3 30. Rb1 Nc5+ 31. Ka3 0-1

[Event "FRA-chT2 0910"]
[Site "France"]
[Date "2009.12.13"]
[Round "6.1"]
[White "Van Elst, Andreas"]
[Black "Laclau, Daniel"]
[Result "1/2-1/2"]
[WhiteElo "2277"]
[BlackElo "2274"]
[PlyCount "27"]
[EventDate "2009.09.27"]
[EventType "team"]
[EventRounds "11"]
[EventCountry "FRA"]
[SourceDate "2009.07.26"]

1. d4 Nf6 2. c4 g6 3. Nc3 d5 4. Bf4 Bg7 5. e3 O-O 6. Rc1 c6 7. Nf3 Qa5 8. Qd2
Nbd7 9. cxd5 Nxd5 10. Nxd5 Qxd2+ 11. Nxd2 cxd5 12. Be2 e5 13. dxe5 Nxe5 14. O-O
1/2-1/2

[Event "FRA-chT2 0910"]
[Site "France"]
[Date "2009.12.13"]
[Round "6.2"]
[White "Marco, Clement"]
[Black "Luminais, Eric"]
[Result "0-1"]
[WhiteElo "2051"]
[BlackElo "2200"]
[PlyCount "60"]
[EventDate "2009.09.27"]
[EventType "team"]
[EventRounds "11"]
[EventCountry "FRA"]
[SourceDate "2009.07.26"]

1. e4 c5 2. Nf3 e6 3. d4 cxd4 4. Nxd4 Nf6 5. Nc3 d6 6. f3 a6 7. Be3 b5 8. Qd2
Nbd7 9. g4 Nb6 10. g5 Nfd7 11. O-O-O Bb7 12. Qf2 Rc8 13. h4 Rxc3 14. bxc3 d5
15. Bh3 Ba3+ 16. Kb1 Na4 17. Bd2 Qe7 18. Rhe1 dxe4 19. Rxe4 Bxe4 20. fxe4 O-O
21. h5 Bb2 22. Qg3 Ndb6 23. Bf1 Nc4 24. Bxc4 bxc4 25. g6 fxg6 26. hxg6 Qb7 27.
gxh7+ Kh8 28. Nb3 Rc8 29. Rg1 cxb3 30. cxb3 Qxe4+ 0-1

[Event "FRA-chT2 0910"]
[Site "France"]
[Date "2009.12.13"]
[Round "6.3"]
[White "Entem, Alan"]
[Black "Francois, Sebastien"]
[Result "1-0"]
[WhiteElo "2122"]
[BlackElo "2052"]
[PlyCount "43"]
[EventDate "2009.09.27"]
[EventType "team"]
[EventRounds "11"]
[EventCountry "FRA"]
[SourceDate "2009.07.26"]

1. e4 d5 2. exd5 Qxd5 3. Nc3 Qa5 4. d4 c6 5. Bc4 Nf6 6. Bd2 Qb6 7. Qe2 Qxd4 8.
O-O-O Qb6 9. Bf4 e6 10. Nf3 Be7 11. Rhe1 O-O 12. g4 Re8 13. Ne5 Nd5 14. Bd2 Bf6
15. g5 Nxc3 16. Bxc3 Bxg5+ 17. Kb1 f6 18. Qh5 Re7 19. Bd3 h6 20. Qg6 fxe5 21.
Qh7+ Kf8 22. Bg6 1-0

[Event "FRA-chT2 0910"]
[Site "France"]
[Date "2009.12.13"]
[Round "6.4"]
[White "Pascal Mousselard, Philippe"]
[Black "Planell, Eric"]
[Result "0-1"]
[WhiteElo "1936"]
[BlackElo "2176"]
[PlyCount "66"]
[EventDate "2009.09.27"]
[EventType "team"]
[EventRounds "11"]
[EventCountry "FRA"]
[SourceDate "2009.07.26"]

1. b3 d5 2. Bb2 Bf5 3. e3 e6 4. f4 Nf6 5. Nf3 Be7 6. Nc3 O-O 7. Ne2 c5 8. Ng3
Nc6 9. Nxf5 exf5 10. Be2 d4 11. exd4 cxd4 12. O-O Bc5 13. Kh1 Qd6 14. Ne1 Ne4
15. Nd3 Bb6 16. Bf3 Rfe8 17. a4 Qh6 18. Kg1 a6 19. b4 Rad8 20. g3 Nc3 21. Bxc3
dxc3+ 22. Kg2 cxd2 23. Qxd2 Be3 24. Qd1 Nxb4 25. Bxb7 Qb6 26. Bf3 Qc7 27. Nxb4
Rxd1 28. Raxd1 a5 29. Nd5 Qxc2+ 30. Kh3 Re6 31. Ne7+ Kf8 32. Nxf5 Qxf5+ 33. g4
Rh6+ 0-1

[Event "FRA-chT2 0910"]
[Site "France"]
[Date "2009.12.13"]
[Round "6.7"]
[White "Tosello, Mickael"]
[Black "Pouplin, Johan"]
[Result "0-1"]
[WhiteElo "1736"]
[BlackElo "1782"]
[PlyCount "78"]
[EventDate "2009.09.27"]
[EventType "team"]
[EventRounds "11"]
[EventCountry "FRA"]
[SourceDate "2009.07.26"]

1. e4 c5 2. Nf3 Nc6 3. Bb5 d6 4. d4 cxd4 5. Nxd4 Bd7 6. Nc3 Nf6 7. Nxc6 Bxc6 8.
Bxc6+ bxc6 9. O-O e6 10. Qd4 Qc7 11. Re1 Rd8 12. Bg5 Be7 13. e5 dxe5 14. Qxe5
Qxe5 15. Rxe5 Nd5 16. Nxd5 cxd5 17. Rae1 Rd7 18. Bxe7 Kxe7 19. R1e2 Rb8 20. b3
Rc8 21. f4 Kf6 22. Rd2 Rdc7 23. Ree2 Kf5 24. g3 f6 25. Kg2 Rc5 26. Rf2 g5 27.
Rde2 R8c6 28. h3 gxf4 29. Rxf4+ Kg6 30. Rff2 e5 31. g4 h5 32. Kf1 Rc3 33. Rh2
Kg5 34. Reg2 Rf3+ 35. Ke2 Rcc3 36. h4+ Kg6 37. gxh5+ Kxh5 38. Rf2 Rxf2+ 39.
Rxf2 Rxc2+ 0-1

[Event "FRA-chT2 0910"]
[Site "France"]
[Date "2009.12.13"]
[Round "6.8"]
[White "Fornell, Marie Therese"]
[Black "Pelletier, Rachel"]
[Result "1/2-1/2"]
[WhiteElo "1510"]
[BlackElo "1774"]
[PlyCount "96"]
[EventDate "2009.09.27"]
[EventType "team"]
[EventRounds "11"]
[EventCountry "FRA"]
[SourceDate "2009.07.26"]

1. e4 c5 2. Nc3 Nc6 3. g3 g6 4. Bg2 Bg7 5. d3 d6 6. Be3 Nf6 7. h3 O-O 8. f4 e5
9. g4 Nd7 10. Qd2 exf4 11. Bxf4 Qh4+ 12. Qf2 Qxf2+ 13. Kxf2 Nde5 14. Nge2 a6
15. Nd5 b5 16. Rad1 b4 17. c3 a5 18. d4 cxd4 19. Nxd4 Bb7 20. Nxc6 Nxc6 21.
Bxd6 Rfd8 22. Bc5 bxc3 23. bxc3 Rac8 24. Rhe1 Re8 25. c4 Ba6 26. Bf1 Ne5 27.
Ne7+ Rxe7 28. Bxe7 Nxc4 29. Rd8+ Rxd8 30. Bxd8 Bd4+ 31. Kg3 Be5+ 32. Kg2 Bd4
33. Bxc4 Bxc4 34. Bxa5 Bxa2 35. Rd1 Be3 36. Rd8+ Kg7 37. Kf3 h6 38. Re8 Bd4 39.
Bc7 Be6 40. h4 g5 41. hxg5 hxg5 42. Bd6 Bb2 43. Bf8+ Kg6 44. Be7 Bg7 45. Bf8
Bxf8 46. Rxf8 Kg7 47. Rb8 Bc4 48. e5 Be6 1/2-1/2

[Event "FRA-chT2 0910"]
[Site "France"]
[Date "2009.12.13"]
[Round "6.1"]
[White "Kosten, Anthony C"]
[Black "Rada Equiza, Miguel"]
[Result "1-0"]
[WhiteElo "2506"]
[BlackElo "2262"]
[PlyCount "57"]
[EventDate "2009.09.27"]
[EventType "team"]
[EventRounds "11"]
[EventCountry "FRA"]
[SourceDate "2009.07.26"]
[WhiteTeam "Chamalières"]

1. Nf3 f5 2. g3 Nf6 3. c4 g6 4. b4 Bg7 5. Bb2 d6 6. Bg2 O-O 7. O-O e5 8. d3 Nc6
9. b5 Ne7 10. c5 h6 11. Nbd2 e4 12. cxd6 cxd6 13. dxe4 fxe4 14. Nd4 d5 15. N2b3
Nf5 16. Nxf5 Bxf5 17. Nd4 Qd7 18. Nxf5 gxf5 19. Qb3 Kh8 20. Rad1 Rfd8 21. f3
Rac8 22. Bh3 Rc5 23. Qe3 f4 24. Qxf4 Qxh3 25. Bxf6 Rc2 26. fxe4 Rxe2 27. Bxg7+
Kxg7 28. Qf6+ Kh7 29. Qe7+ 1-0

[Event "FRA-chT2 0910"]
[Site "France"]
[Date "2009.12.13"]
[Round "6.2"]
[White "Mindeguia Guruceaga, Juan Jesus"]
[Black "Robin, Samy"]
[Result "1-0"]
[WhiteElo "2166"]
[BlackElo "2354"]
[PlyCount "81"]
[EventDate "2009.09.27"]
[EventType "team"]
[EventRounds "11"]
[EventCountry "FRA"]
[SourceDate "2009.07.26"]

1. e4 e5 2. Nf3 Nc6 3. Bb5 a6 4. Bxc6 dxc6 5. O-O Bg4 6. h3 h5 7. c3 Qf6 8. d4
Bxf3 9. Qxf3 exd4 10. cxd4 O-O-O 11. Be3 Qxf3 12. gxf3 g6 13. Nc3 Bh6 14. Rad1
Bxe3 15. fxe3 Ne7 16. Kf2 h4 17. Rg1 Rh5 18. f4 Rdh8 19. Kf3 b6 20. Rd2 a5 21.
Rdg2 R5h6 22. Nd1 Kb7 23. Nf2 R6h7 24. Ng4 Rd8 25. Ne5 Rdh8 26. Rc2 Rd8 27. a3
a4 28. Rc4 b5 29. Rc5 Rd6 30. Rgc1 Kb6 31. d5 cxd5 32. Rxc7 dxe4+ 33. Kxe4 Nf5
34. Nd7+ Ka6 35. Nc5+ Kb6 36. Rb7+ Kc6 37. Ra7 Ng3+ 38. Kf3 Kd5 39. Rc7 Rc6 40.
Rd1+ Kxc5 41. Rc1+ 1-0

[Event "FRA-chT2 0910"]
[Site "France"]
[Date "2009.12.13"]
[Round "6.4"]
[White "Ducret, Thomas"]
[Black "Blanc, Sebastien"]
[Result "1-0"]
[WhiteElo "2201"]
[BlackElo "2128"]
[PlyCount "59"]
[EventDate "2009.09.27"]
[EventType "team"]
[EventRounds "11"]
[EventCountry "FRA"]
[SourceDate "2009.07.26"]

1. Nf3 d5 2. c4 c6 3. d4 Nf6 4. Nc3 Bf5 5. cxd5 cxd5 6. Qb3 Qb6 7. Nxd5 Nxd5 8.
Qxd5 e6 9. Qb3 Qxb3 10. axb3 Nc6 11. e3 a6 12. Bd2 Be7 13. Bc4 O-O 14. O-O Rfd8
15. Bc3 b5 16. Be2 Bc2 17. Bd1 Bd3 18. Re1 b4 19. Bd2 f5 20. Be2 Bxe2 21. Rxe2
Bf6 22. Be1 a5 23. Rc2 Ne7 24. Rc5 Rd5 25. Bxb4 Rb8 26. Rxd5 Nxd5 27. Bxa5 Rxb3
28. Ra2 g5 29. Kf1 g4 30. Nd2 1-0

[Event "FRA-chT2 0910"]
[Site "France"]
[Date "2009.12.13"]
[Round "6.6"]
[White "Bedue, Julien"]
[Black "Mania, Clement"]
[Result "1-0"]
[WhiteElo "2081"]
[BlackElo "2055"]
[PlyCount "49"]
[EventDate "2009.09.27"]
[EventType "team"]
[EventRounds "11"]
[EventCountry "FRA"]
[SourceDate "2009.07.26"]

1. d4 f5 2. c4 Nf6 3. Nc3 d6 4. Nf3 g6 5. e3 Bg7 6. b4 O-O 7. Bb2 e6 8. Be2 Qe7
9. O-O c6 10. a4 Nbd7 11. Qc2 e5 12. c5 dxc5 13. bxc5 exd4 14. Bc4+ Kh8 15.
exd4 Nh5 16. Rfe1 Qd8 17. Rad1 Ndf6 18. d5 cxd5 19. Nxd5 Nxd5 20. Rxd5 Qc7 21.
Be5 Bxe5 22. Rdxe5 Nf6 23. Ng5 Ne4 24. Qb2 Qg7 25. Re7 1-0

[Event "FRA-chT2 0910"]
[Site "France"]
[Date "2009.12.13"]
[Round "6.7"]
[White "Julien, Clement"]
[Black "Cwiek, Perrine"]
[Result "1-0"]
[WhiteElo "1817"]
[BlackElo "1828"]
[PlyCount "53"]
[EventDate "2009.09.27"]
[EventType "team"]
[EventRounds "11"]
[EventCountry "FRA"]
[SourceDate "2009.07.26"]

1. e4 e5 2. Nf3 Nc6 3. Bc4 Be7 4. c3 Nf6 5. d3 O-O 6. O-O d5 7. exd5 Nxd5 8.
Re1 Bf6 9. Nbd2 Na5 10. Nxe5 Nf4 11. Nxf7 Rxf7 12. Qa4 Be6 13. Bxe6 Nxe6 14.
Rxe6 Nc6 15. d4 Qd7 16. Re3 Raf8 17. Ne4 Bh4 18. Qc2 Qf5 19. Rf3 Qg6 20. Rxf7
Rxf7 21. Be3 Ne7 22. Rf1 Nd5 23. Qd3 Rf3 24. g3 Nxe3 25. fxe3 Bxg3 26. Rxf3
Bd6+ 27. Kf1 1-0

[Event "FRA-chT2 0910"]
[Site "France"]
[Date "2009.12.13"]
[Round "6.8"]
[White "Mazauric, Julien"]
[Black "Roger, Juliette"]
[Result "0-1"]
[WhiteElo "1499"]
[BlackElo "1548"]
[PlyCount "46"]
[EventDate "2009.09.27"]
[EventType "team"]
[EventRounds "11"]
[EventCountry "FRA"]
[SourceDate "2009.07.26"]

1. e4 c5 2. Nf3 Nc6 3. Bc4 g6 4. c3 Bg7 5. d3 d6 6. Bg5 Nf6 7. Nbd2 Qb6 8. Bb3
O-O 9. Nc4 Qc7 10. Qd2 b5 11. Ne3 e6 12. O-O Bb7 13. Bxf6 Bxf6 14. Ng4 Bg7 15.
Nh6+ Kh8 16. Ng5 Bxh6 17. Nxf7+ Qxf7 18. Qxh6 Ne5 19. f4 Nxd3 20. f5 c4 21.
fxe6 Qg7 22. Qe3 Nc5 23. Bc2 Nxe6 0-1

[Event "FRA-chT2 0910"]
[Site "France"]
[Date "2009.12.13"]
[Round "6.1"]
[White "Armas, Julius"]
[Black "Midoux, Sebastien"]
[Result "1/2-1/2"]
[WhiteElo "2340"]
[BlackElo "2351"]
[PlyCount "26"]
[EventDate "2009.09.27"]
[EventType "team"]
[EventRounds "11"]
[EventCountry "FRA"]
[SourceDate "2009.07.26"]

1. e4 e5 2. Nf3 Nf6 3. Nxe5 d6 4. Nf3 Nxe4 5. d4 d5 6. Bd3 Be7 7. O-O Nc6 8.
Re1 Bg4 9. Bxe4 dxe4 10. Rxe4 Bxf3 11. Qxf3 Nxd4 12. Qd1 Ne6 13. Re1 Qxd1
1/2-1/2

[Event "FRA-chT2 0910"]
[Site "France"]
[Date "2009.12.13"]
[Round "6.2"]
[White "Abello, Sebastien"]
[Black "Champ, Gael"]
[Result "1/2-1/2"]
[WhiteElo "2285"]
[BlackElo "2103"]
[PlyCount "147"]
[EventDate "2009.09.27"]
[EventType "team"]
[EventRounds "11"]
[EventCountry "FRA"]
[SourceDate "2009.07.26"]

1. d4 Nf6 2. c4 g6 3. Nc3 d5 4. Bf4 Bg7 5. e3 O-O 6. Rc1 Na6 7. Nf3 c5 8. dxc5
dxc4 9. Qxd8 Rxd8 10. c6 bxc6 11. Bxc4 Nd5 12. Be5 Nab4 13. a3 Ba6 14. Bxa6
Nxa6 15. Na4 f6 16. Bg3 Rac8 17. Nd4 e5 18. Ne6 Re8 19. Nec5 Nxc5 20. Nxc5 f5
21. e4 Nf4 22. Rc2 Nxg2+ 23. Kf1 Nf4 24. Bxf4 exf4 25. exf5 gxf5 26. Kg2 a5 27.
Kf3 Rb8 28. b3 Be5 29. Rd1 Red8 30. Rxd8+ Rxd8 31. Ke2 Bd6 32. b4 axb4 33. axb4
f3+ 34. Kxf3 Bxh2 35. Ne6 Rd6 36. Nf4 Rd4 37. Ne2 Rxb4 38. Rxc6 Rb3+ 39. Kg2
Be5 40. Rc5 Bf6 41. Rxf5 Rb6 42. Ng3 Bd4 43. Ne4 Re6 44. f3 Rg6+ 45. Kf1 Rb6
46. Rd5 Bf6 47. Rd7 h6 48. Kg2 Be5 49. Kh3 Rg6 50. Kh4 Rg7 51. Rd5 Re7 52. Kg4
Bc7 53. Rc5 Kg7 54. Rc6 Rf7 55. Rc3 Rf4+ 56. Kh3 Be5 57. Rb3 Rf7 58. Nf2 Bf4
59. Kg4 Bg5 60. Nh3 Kg6 61. f4 h5+ 62. Kf3 Bf6 63. Rb5 Rd7 64. f5+ Kf7 65. Nf4
h4 66. Rb4 Ra7 67. Kg4 Be7 68. Rc4 Rb7 69. Nh3 Rb4 70. Ng5+ Kg8 71. Rxb4 Bxb4
72. f6 Bc3 73. f7+ Kf8 74. Kxh4 1/2-1/2

[Event "FRA-chT2 0910"]
[Site "France"]
[Date "2009.12.13"]
[Round "6.4"]
[White "Montagard, Guillaume"]
[Black "Wohlers Armas, Friederike"]
[Result "1-0"]
[WhiteElo "2241"]
[BlackElo "2029"]
[PlyCount "51"]
[EventDate "2009.09.27"]
[EventType "team"]
[EventRounds "11"]
[EventCountry "FRA"]
[SourceDate "2009.07.26"]

1. d4 Nf6 2. Nf3 b5 3. Bf4 e6 4. e3 a6 5. Bd3 Bb7 6. O-O c5 7. c3 Nc6 8. h3 h6
9. Nbd2 g5 10. Bg3 cxd4 11. cxd4 Ne7 12. a4 Bc6 13. Ne5 bxa4 14. Ndc4 Ned5 15.
Nxc6 dxc6 16. Qxa4 Be7 17. Qxc6+ Kf8 18. Rxa6 Rxa6 19. Qxa6 Kg7 20. Ra1 Nf4 21.
Bxf4 gxf4 22. Qb7 Nd5 23. Be4 Nf6 24. Ra7 Nxe4 25. Qxe4 Bd6 26. Qxe6 1-0